MARC

LEADER 00000nam0a2200000 4500
001 370431
005 20231102012259.0
035 |a (RuTPU)RU\TPU\retro\27840 
035 |a RU\TPU\retro\27839 
090 |a 370431 
100 |a 20220629d1977 k y0rusy50 ca 
101 0 |a rus 
102 |a RU 
105 |a a z 100zy 
200 1 |a Процессы и аппараты производства полимеров, методы и оборудование для переработки их в изделия  |e тезисы докладов Всесоюзной научно-технической конференции  |f Московский институт химического машиностроения  |h Вып. 2 
210 |a Москва  |c [Б. и.]  |d 1977 
215 |a 160 с.  |c ил. 
606 1 |a Полимеры  |x Производство  |2 stltpush  |3 (RuTPU)RU\TPU\subj\67386  |9 83210 
610 1 |a процессы 
610 1 |a оборудование 
610 1 |a аппараты 
610 1 |a переработка 
610 1 |a изделия 
610 1 |a получение 
610 1 |a полиорганосилоксаны 
610 1 |a гранулированные реактопласты 
610 1 |a декоративные бумажно-слоистые пластики 
610 1 |a пресс-материалы 
610 1 |a характеристики 
610 1 |a углеродные волокна 
610 1 |a металлопласты 
610 1 |a пленочные материалы 
610 1 |a покрытия 
610 1 |a нанесение 
610 1 |a конференции 
675 |a 678.02(063)  |v 4 
712 0 2 |a Московский институт химического машиностроения  |c (1933-1993)  |2 stltpush  |3 (RuTPU)RU\TPU\col\7881  |9 24402 
712 1 2 |a Процессы и аппараты производства полимеров, методы и оборудование для переработки их в изделия  |c конференция  |e Москва  |f 1977 
801 1 |a RU  |b 63413507  |c 20220629 
801 2 |a RU  |b 63413507  |c 20220629  |g RCR 
942 |c BK